Video Games by Map - Statistics

General Stats
  • This quiz has been taken 448 times
  • The average score is 7 of 16
Answer Stats
Picture Answer % Correct
Fortnite
88%
Among Us - Shoutout Toast
85%
Grand Theft Auto V
79%
The Elder Scrolls V: Skyrim
62%
The Legend of Zelda: Breath of the Wild
54%
Red Dead Redemption 2
52%
Elden Ring
46%
Sea of Thieves
43%
Assassin's Creed: Odyssey
32%
Cyberpunk 2077
32%
Resident Evil Village
30%
Spongebob: Battle for Bikini Bottom
29%
The Crew
26%
Sekiro: Shadows Die Twice
23%
Just Cause 4
19%
Wii Sports Resort
18%
No matching quizzes found
Score Distribution
Percent of People with Each Score
Percentile by Number Answered
Your Score History
You have not taken this quiz